000 01223cam a22002414a 4500
005 20250605164409.0
008 250528s ||||||||||||||||||||||||d
035 _a24936
020 _a9780123814791
040 _aGR-AtMCL
_bgre
_dGR-AtMCL
_eAACR2
245 1 _aData Mining / Concepts and Techniques: Third Edition
250 _a3rd
260 _c2011
300 _a710
520 _aA comprehensive and practical look at the concepts and techniques you need in the area of data mining and knowledge discovery. Foreword, Preface, Acknowledgements, Introduction, Getting to Know Your Data, Data Preprocessing, Data Warehousing and Online Analytical Processing, Data Cube Technology, Mining Frequent Patterns and Associations and Correlations: Basic Concepts and Methods, Advanced Pattern Mining, Classification: Basic Concepts, Classification: Advanced Methods, Cluster Analysis: Basic Concepts and Methods, Advanced Cluster Analysis, Outlier Detection, Data Mining Trends and Research Frontiers, Bibliography, Index.
700 1 _aHan Jiawei
_99685
700 1 _aKamber Micheline
_99686
700 1 _aMorgan Kaufmann
_97687
700 1 _aPei Jian
_99687
942 _cBK
999 _c9765
_d9765